El derecho urbanístico, el ius aedificandi y la estabilidad del acto administrativo que autoriza a construir / (Registro nro. 6183)
[ vista simple ]
| 000 -LEADER | |
|---|---|
| fixed length control field | 01120nabaa22002297a 4500 |
| 003 - CONTROL NUMBER IDENTIFIER | |
| control field | OSt |
| 005 - DATE AND TIME OF LATEST TRANSACTION | |
| control field | 20260125002718.0 |
| 008 - FIXED-LENGTH DATA ELEMENTS--GENERAL INFORMATION | |
| fixed length control field | 190701b xxu||||| |||| 00| 0 spa d |
| 040 ## - CATALOGING SOURCE | |
| Transcribing agency | PJ |
| 100 ## - MAIN ENTRY--PERSONAL NAME | |
| 9 (RLIN) | 5687 |
| Personal name | Fiol, Gerardo |
| 245 13 - TITLE STATEMENT | |
| Title | El derecho urbanístico, el ius aedificandi y la estabilidad del acto administrativo que autoriza a construir / |
| Statement of responsibility, etc | Gerardo Fiol. |
| 300 ## - PHYSICAL DESCRIPTION | |
| Extent | p. 95-111 |
| 500 ## - GENERAL NOTE | |
| General note | Cita: TR LALEY AR/DOC/1654/2024 |
| 505 ## - FORMATTED CONTENTS NOTE | |
| Formatted contents note | Sumario: I. Introducción.— II. El ius aedificandi. Concepto y naturaleza jurídica.— III. Autorización para edificar.— IV. Estabilidad del acto administrativo de autorización para edificar y la potestad revocatoria de la administración.— V. Palabras finales. |
| 505 ## - FORMATTED CONTENTS NOTE | |
| Title | ¿Te interesa el texto completo? Comunicate al correo: koha@justierradelfuego.gov.ar |
| 650 #0 - SUBJECT ADDED ENTRY--TOPICAL TERM | |
| 9 (RLIN) | 211 |
| Topical term or geographic name as entry element | DERECHO ADMINISTRATIVO |
| 650 #0 - SUBJECT ADDED ENTRY--TOPICAL TERM | |
| Topical term or geographic name as entry element | ADMINISTRACION PUBLICA |
| 9 (RLIN) | 877 |
| 650 #0 - SUBJECT ADDED ENTRY--TOPICAL TERM | |
| Topical term or geographic name as entry element | IUS VARIANDI |
| 9 (RLIN) | 1344 |
| 650 #0 - SUBJECT ADDED ENTRY--TOPICAL TERM | |
| Topical term or geographic name as entry element | URBANISMO |
| 773 0# - HOST ITEM ENTRY | |
| Host Biblionumber | 2842 |
| Host Itemnumber | 3251 |
| Place, publisher, and date of publication | Buenos Aires : AbeledoPerrot, 2012- |
| Other item identifier | DA121 |
| Title | Derecho administrativo. Nº 154 julio/agosto 2024 |
| International Standard Book Number | 18510590 |
| 942 ## - ADDED ENTRY ELEMENTS (KOHA) | |
| Source of classification or shelving scheme | |
| Koha item type | Analítica Artículo de Revista |
No hay ítems disponibles.
